| 000 | 00946pam a2200265 a 4500 | ||
|---|---|---|---|
| 001 | 2544064 | ||
| 003 | NUST - PNEC | ||
| 005 | 20170116180956.0 | ||
| 008 | 941206s1995 nyua b 001 0 eng | ||
| 010 | _a 94046511 | ||
| 020 | _a0070496633 | ||
| 040 | _cLIBRARY | ||
| 082 | 0 | 0 | _a004.65 PET |
| 100 | 1 | _aPeterson, David M. | |
| 245 | 1 | 0 |
_aTCP/IP networking _b a guide to the IBM environment / _cDavid M. Peterson. |
| 260 |
_aNew York : _bMcGraw-Hill, _cc1995. |
||
| 300 |
_axxiii, 390 p. : _bill. ; _c24 cm. |
||
| 440 | 0 | _aMcGraw-Hill series on computer communications | |
| 504 | _aIncludes bibliographical references (p. 383) and index. | ||
| 650 | 0 |
_aTCP/IP (Computer network protocol) _xMIS |
|
| 650 | 0 | _aIBM computers. | |
| 906 |
_a7 _bcbc _corignew _d1 _eocip _f19 _gy-gencatlg |
||
| 942 |
_2ddc _cBK |
||
| 999 |
_c66544 _d66544 |
||